Naves a las estrellas /

Guardado en:
Bibliografiske detaljer
Hovedforfatter: Leiber, Fritz (autor)
Format: Bog
Sprog:spansk
Udgivet: Barcelona, España : Vértice, 1965, c1965
Serier:(Galaxia ; 43)
Fag:
Tags: Tilføj Tag
Ingen Tags, Vær først til at tagge denne postø!

MARC

LEADER 00000nam^a2200000^a^4500
001 000584168
005 20250521000000.0
009 20260310132704.95
037 |a Acervo ITESO - Biblioteca 
041 |a ESP 
082 |a 813.  |b LEI 
100 |a Leiber, Fritz  |e (autor) 
245 1 0 |a Naves a las estrellas /  |c F. Leiber ; tr. por F. Sesen. 
264 4 |a Barcelona, España :  |b Vértice,  |c 1965, c1965 
300 |a 220 p. 
336 |a texto  |b txt  |2 rdacontenido 
337 |a sin mediación  |b n  |2 rdamedio 
338 |a volumen  |b nc  |2 rdasoporte 
440 1 |a (Galaxia ;  |v 43) 
500 |a Traducción de: Ships to the Stars 
649 |a XX 
650 |a Novela Norteamericana 
650 |a Literatura Norteamericana -  |y Siglo XX 
650 |a Literatura de Ciencia-Ficción -  |z EUA 
650 |a Literatura Fantástica -  |z EUA 
650 |a Contacto con Extraterrestres en la Literatura 
650 |a Vuelo Espacial Tripulado en la Literatura 
650 |a Exploración Espacial en la Literatura 
910 |a Fondo Salvador Reynoso Reynoso 
920 |a Impresos - Libros 
930 |a Fondos Especiales 
940 |a Literatura 
905 |a 112 
901 |a 0500412378  |b IT2  |c ESP  |i 06158  |u 20250521 
902 |a https://opac.biblio.iteso.mx/vufind/Record/000584168